K některým problémům fiskálního federalismu.

Financie na nižších stupňoch vlády, porovnanie v rámci členských krajín OECD. Rozdelenie právomoci medzi rôzne stupne vlády s dôrazom na úlohu miestneho rozpočtu. Právomoci v oblasti stanovovania daní, financovanie verejného sektoru, miestne dane, dotácie pre miestne rozpočty zo štátneho rozpočtu.

Guardado en:
Detalles Bibliográficos
Autor principal: Peková, Jitka
Formato: Capítulo de libro
Lenguaje:checo
Materias:
Etiquetas: Agregar Etiqueta
Sin Etiquetas, Sea el primero en etiquetar este registro!

MARC

LEADER 00000naa a2200000 4500
001 r012223
005 20220913122159.0
041 0 |a cze 
044 |a CZ 
245 1 0 |a K některým problémům fiskálního federalismu.  |c Jitka Peková 
520 |a Financie na nižších stupňoch vlády, porovnanie v rámci členských krajín OECD. Rozdelenie právomoci medzi rôzne stupne vlády s dôrazom na úlohu miestneho rozpočtu. Právomoci v oblasti stanovovania daní, financovanie verejného sektoru, miestne dane, dotácie pre miestne rozpočty zo štátneho rozpočtu. 
610 2 0 |a federácia 
610 2 0 |a politika fiškálna 
610 2 0 |a politika daňová 
610 2 0 |a rozpočet miestny 
610 2 0 |a rozpočet štátny 
610 2 0 |a právomoc 
610 2 0 |a sektor verejný 
610 2 0 |a financovanie 
610 2 0 |a príjmy 
610 2 0 |a dane 
610 2 0 |a údaje štatistické 
610 2 0 |a 1975-1988 
100 1 |a Peková, Jitka